000 01272cam a2200349 a 4500
001 000012079
005 20200929162703.0
008 960119s1995 ck a 000 0 spa
020 _a9586122131
040 _aDO-SdBNP
_cDLC
_dDLC
043 _as-bl---
050 0 0 _aF2520.1.T925
_bM34 1995
082 _annn
_bM213
245 0 0 _aMágutá, la gente pescada por Yoí /
_cHugo Armando Camacho González, compilador ; fuentes orales, Manduca López Abeca ... [et al.].
260 _aSantafe de Bogotá Colombia :
_bColcultura,
_c1995.
300 _a260 p. :
_bil. ;
_c21 cm.
490 1 _aPremios nacionales de cultura
_v1994
546 _aSpanish and Tucuna.
650 0 _aTucuna indians
_xRites and ceremonies.
_928510
650 0 _aTucuna indians
_xFolklore.
_928511
650 0 _aTucuna language
_xTexts.
_928512
700 1 _aCamacho González, Hugo Armando,
_928513
700 1 _aLópez Abeca, Manduca
_928514
700 1 _aFermín Bautista, Francisco
_928515
700 1 _aManduca María, Jorge
_928516
700 1 _aHuaines, Federico José
_928517
700 1 _aAugusto Dionicio, Juana
_928518
700 1 _aJulián, Margarita
_928519
830 0 _aPremios nacionales de cultura ;
_v1994
_928520
910 _aCatalogación por copia / LC
049 _aBNGR
999 _c11745
_d11745